BIBLIOTHÈQUE DE LA MAISON DU MEXIQUE

Logo 1 Logo 2

Los empresarios y la política en México (notice nᵒ 1042)

détails MARC
000 -Sello discográfico
campo de control de longitud fija 01251nam a2200361 4500
005 - Identificación de versión
campo de control 20251016082558.0
010 ## - Número Estándar Internacional de Libros (ISBN)
Número (ISBN) 968-16-3407-1
035 ## - Otros números de control del sistema
Número de control del sistema 21794
099 ## - fechas locales
Tipo de ítem Koha LIBRO
100 ## - Datos de procesamiento general
Datos de procesamiento general 19960730d19951990m y1spay5003 ba
101 1# - Idioma del recurso
Idioma del texto, banda sonora, etc. Español; Castellano
Idioma de la obra original Inglés
105 ## - Campo de datos codificados: Material textual, monográfico
Datos codificados de monografía y 001zy
200 1# - Título y mención de responsabilidad
Título propio Los empresarios y la política en México
Designación general del material texto impreso
Otra información del título una visión contemporánea
Primer mención de responsabilidad Roderic A. Camp
Declaración de responsabilidad subsiguiente traducción Eduardo L. Suárez
205 ## - Declaración de edición
Declaración de edición 1a reimpr de la 1a ed
210 ## - Publicación, distribución, etc.
Lugar de publicación, distribución, etc. México
Nombre del editor, distribuidor, etc. Fondo de Cultura Económica
Fecha de publicación, distribución, etc. 1995
215 ## - Descripción física
Designación de material específico y extensión del ítem 290 p
Dimensiones 23 cm
300 ## - Notas generales
Texto de la nota Traducción de : Entrepreneurs and Politics in Twentieth-Century Mexico
345 ## - Nota de información de adquisición
Fuente de adquisición/dirección de la suscripción [OBSOLETO] Donación del FCE
410 #1 - Series
Título Sección de Obras de Política y Derecho
606 ## - Término temático usado como materia
Elemento de entrada Empresarios
Subdivisión geográfica México
Número Koha 1045
606 ## - Término temático usado como materia
Elemento de entrada Empresas indígenas
Subdivisión geográfica México
Número Koha 2800
606 ## - Término temático usado como materia
Elemento de entrada Industria y Estado
Subdivisión geográfica México
Número Koha 2107
660 ## - Código de área geográfica
Código MX
700 ## - Nombre personal - Responsabilidad primaria
Elemento de entrada Camp
Parte del nombre distinta del elemento de entrada Roderic Ai
Fechas 1945-
Número Koha 270
702 ## - Nombre personal - Responsabilidad secundaria
Elemento de entrada Suárez Galindo
Parte del nombre distinta del elemento de entrada Eduardo
Fechas 1931-
Número Koha 2789
801 #0 - Fuente de origen
Agencia cm
900 ## -
-- 1/12769
900 ## -
-- 710962262\\300796
942 ## - ELEMENTOS DE ENTRADA SECUNDARIOS (KOHA)
Tipo de ítem Koha Livre
996 ## -
-- MEX
-- 751145101
-- MMAG
-- 005807
-- 338.74 C186E
-- 20220113LIV
Exemplaires
Estatus retirado Estado de daño Estado de pérdida Fecha de adquisición Biblioteca de origen Biblioteca actual Ubicación en estantería Código de barras Precio de reemplazo Signatura topográfica completa No para préstamo Tipo de ítem Koha Nota pública Nota no pública
      05/08/2025 Casa México Paris Casa México Paris   005807 05/08/2025 338.74 C186E   Livre 20220113LIV 751145101